00304 a2200109 4500001000700000020000600007040001100013100000600024240008000030245007500110362000900185166583 a  cMagnum a-10aRevista de educacao aec/senhor e escravo: uma metafora para a educacaolpor10aRevista de educacao aec/senhor e escravo: uma metafora para a educacao0 a1899